Exceptional leadership : (Record no. 19429)

MARC details
000 -LEADER
fixed length control field 01218nam a22003134a 4500
005 - DATE AND TIME OF LATEST TRANSACTION
control field 20061127111919.0
008 - FIXED-LENGTH DATA ELEMENTS--GENERAL INFORMATION
fixed length control field 051207s2006 ilua b 000 0 eng
010 ## - LCCN (DPL NO)
LC control number ENG-91974
020 ## - INTERNATIONAL STANDARD BOOK NUMBER
International Standard Book Number 9788120335745
Terms of availability 195.00
035 ## - SYSTEM CONTROL NUMBER
System control number EN-75507
037 ## - SOURCE OF ACQUISITION
Source of stock number/acquisition DBAD / PUB
040 ## - CATALOGING SOURCE
Original cataloging agency dpl
Language of cataloging English
082 ## - DEWEY DECIMAL CLASSIFICATION NUMBER
Classification number 362.1068
100 ## - MAIN ENTRY--PERSONAL NAME
Personal name Dye, Carson F.
245 ## - TITLE STATEMENT
Title Exceptional leadership :
Remainder of title 16 critical competencies for healthcare executives /
Statement of responsibility, etc by Carson F. Dye [and] Andrew N. Garman.
260 ## - PUBLICATION, DISTRIBUTION, ETC. (IMPRINT)
Place of publication, distribution, etc New Delhi
Name of publisher, distributor, etc PHI Learning
Date of publication, distribution, etc 2006
300 ## - PHYSICAL DESCRIPTION
Extent xxxii, 231 p. :
Other physical details ill. ;
Dimensions 23 cm (pbk)
490 ## - SERIES STATEMENT
Series statement American College of Healthcare Executives management series
500 ## - GENERAL NOTE
General note Includes bibliographical references.
650 ## - SUBJECT ADDED ENTRY--TOPICAL TERM
Topical term or geographic name as entry element Health services administration.
650 ## - SUBJECT ADDED ENTRY--TOPICAL TERM
Topical term or geographic name as entry element Leadership.
650 ## - SUBJECT ADDED ENTRY--TOPICAL TERM
Topical term or geographic name as entry element Medical care
General subdivision Quality control.
650 ## - SUBJECT ADDED ENTRY--TOPICAL TERM
Topical term or geographic name as entry element Health Services Administration.
650 ## - SUBJECT ADDED ENTRY--TOPICAL TERM
Topical term or geographic name as entry element Leadership.
650 ## - SUBJECT ADDED ENTRY--TOPICAL TERM
Topical term or geographic name as entry element Quality of Health Care.
700 ## - ADDED ENTRY--PERSONAL NAME
Personal name Garman, Andrew N.
942 ## - ADDED ENTRY ELEMENTS (KOHA)
Source of classification or shelving scheme Dewey Decimal Classification
Item type English Books
Classification part 362.1068
Call number suffix DYE
Holdings
Withdrawn status Lost status Source of classification or shelving scheme Damaged status Not for loan Collection code Home library Current library Date acquired Source of acquisition Cost, normal purchase price Total Checkouts Full call number Barcode Date last seen Copy number Cost, replacement price Koha item type
    Dewey Decimal Classification   Not For Loan Non-fiction D.B.Act.Division D.B.Act.Division 03/12/2008 DBAD / PUB 195.00   362.1068 DYE EN-75507 03/12/2008 1 195.00 English Books

© Delhi Public Library
Hit Counter
free hit counter